Vista normal
Vista MARC
Entrada Personal Name
Número de registros utilizados en: 1
001 - CONTROL NUMBER
- control field: 10865
003 - CONTROL NUMBER IDENTIFIER
- control field: DLC
005 - DATE AND TIME OF LATEST TRANSACTION
- control field: 20200907092109.0
008 - FIXED-LENGTH DATA ELEMENTS
- fixed length control field: 991117n| azannaabn |a aaa
010 ## - LIBRARY OF CONGRESS CONTROL NUMBER
- LC control number: n 99253868
- Canceled/invalid LC control number: n 91079650
035 ## - SYSTEM CONTROL NUMBER
- System control number: (OCoLC)oca05105999
040 ## - CATALOGING SOURCE
- Original cataloging agency: DLC
- Language of cataloging: spa
- Transcribing agency: Mx-PuUPA
- Modifying agency: DLC
- Modifying agency: DNAL
- Modifying agency: DLC
- Modifying agency: MdRoLAC
- Modifying agency: Mx-PuUPA
- Description conventions: rda
046 ## - SPECIAL CODED DATES
- Birth date: 1944
- Source of date scheme: edtf
100 1# - HEADING--PERSONAL NAME
- Personal name: Kirkham, M. B.,
- Dates associated with a name: 1944-
373 ## - ASSOCIATED GROUP
- Associated group: Kansas State University
- Source of term: naf
374 ## - OCCUPATION
- Occupation: Profesor universitario
- Source of term: lcsh
374 ## - OCCUPATION
- Occupation: Autor
375 ## - GENDER
- Gender: hombre
377 ## - ASSOCIATED LANGUAGE
- Language code: eng
400 1# - SEE FROM TRACING--PERSONAL NAME
- Control subfield: nne
- Personal name: Kirkham, Mary Beth,
- Dates associated with a name: 1944-
670 ## - SOURCE DATA FOUND
- Source citation: Water use in crop production, 2000:
- Information found: t.p. (M.B. Kirkham, BA, MS, PhD) galley (Dept. of Agronomy, Kansas State Univ., Manhattan, KS)
670 ## - SOURCE DATA FOUND
- Source citation: Principles of soil and plant water relations, 2004:
- Information found: CIP t.p. (M.B. Kirkham) data sheet (Mary Beth Kirkham)
670 ## - SOURCE DATA FOUND
- Source citation: Elevated carbon dioxide, 2010:
- Information found: CIP t.p. (Mary Beth Kirkham)
670 ## - SOURCE DATA FOUND
- Source citation: Email from publisher, Sept. 23, 2010:
- Information found: (author wants only her initials to be used and no date of birth to be given)
670 ## - SOURCE DATA FOUND
- Source citation: Particulate plastics in terrestrial and aquatic environments, 2020:
- Information found: eCIP title page (M.B. Kirkham) galley (Professor M.B. Kirkham is University Distinguished Professor in the Department of Agronomy at Kansas State University and a graduate of Wellesley College (BA) and the University of Wisconsin, Madison (MS and PhD))
670 ## - SOURCE DATA FOUND
- Source citation: Biblioteca del congreso (Estados Unidos), 27 agosto 2020:
- Information found: Catálogo electrónico
- Uniform Resource Identifier: https://bit.ly/32vqmQT